000 00490nam a2200193Ia 4500
005 20250508153827.0
008 008 250505s9999 xx 000 0 eng d
037 _aBooks to be hide in OPAC
040 _aFEDL
_beng
_cFEDL
041 _aeng
_2eng
084 _qFEDL
100 _aChabot Charles
_9764501
245 0 _aPedagogie au lycee
260 _aParis
_bLibrairie Armand Colin
_c1903
300 _a119p.
546 _aWeeded out
942 _cHB
999 _c1345782
_d1345782